Get the Picture: Disney Villains III Quiz Stats

 Plays Quiz Updated Aug 27, 2019

Score 0/16 Timer 05:00
5 Plays Today
Question Answer Wrong Answers
Movie
Tarzan
Clayton
94.1%
Maleficent
0.1%
Queen Grimhilde
0.1%
Hades
1.3%
Evil Plot
Capture and sell gorillas illegally
Clayton
93.4%
Maleficent
0.6%
Queen Grimhilde
0.4%
Hades
1.1%
Movie
Snow White and the Seven Dwarfs
Queen Grimhilde
91.7%
Maleficent
3.7%
Clayton
0.4%
Hades
0.1%
Evil Plot
Kill Snow White to become the fairest in the land
Queen Grimhilde
90.9%
Maleficent
4.3%
Clayton
0.4%
Hades
0.2%
Evil Plot
Kill his nephew and become king of Olympus
Hades
88.8%
Maleficent
0.6%
Clayton
5.3%
Queen Grimhilde
0.4%
Ultimate Fate
Accidentally hanged while trying to get untangled from vines
Clayton
88%
Maleficent
3.7%
Queen Grimhilde
1.6%
Hades
2.3%
Movie
Hercules
Hades
87.5%
Maleficent
0.5%
Clayton
6.8%
Queen Grimhilde
0.3%
Ultimate Fate
Dragged into the depths of the River Styx
Hades
86.2%
Maleficent
2.4%
Clayton
4.8%
Queen Grimhilde
1.3%
Evil Plot
Force Princess Aurora to sleep forever and take control of the universe
Maleficent
85.8%
Clayton
0.5%
Queen Grimhilde
7.3%
Hades
1.6%
Movie
Sleeping Beauty
Maleficent
84.2%
Clayton
0.4%
Queen Grimhilde
10.4%
Hades
0.3%
Henchmen
Pain & Panic
Hades
83.5%
Maleficent
4.4%
Clayton
5.6%
Queen Grimhilde
1.6%
Henchmen
Pirates/Thugs
Clayton
82.8%
Maleficent
3.7%
Queen Grimhilde
1.7%
Hades
7.2%
Ultimate Fate
Stabbed in the heart with the Sword of Truth before plummeting off of a cliff
Maleficent
65.6%
Clayton
6.4%
Queen Grimhilde
12.9%
Hades
10.2%
Henchmen
Humbert the Huntsman
Queen Grimhilde
61.2%
Maleficent
6.6%
Clayton
25.9%
Hades
2.2%
Henchmen
Diablo
Maleficent
54.3%
Clayton
14.7%
Queen Grimhilde
3.2%
Hades
22.8%
Ultimate Fate
Fell off of a cliff and was crushed by a boulder
Queen Grimhilde
52.8%
Maleficent
14.5%
Clayton
19.5%
Hades
8.8%

Today's Daily Dose

You're not logged in!

Compare scores with friends on all Sporcle quizzes.
OR
Log In

Sporcle TV

Today on Sporcle TV


Watch our educational content, quiz creation guides, and fun videos on Sporcle TV.

Show Comments

Extras

Top Quizzes Today


Score Distribution

Your Account Isn't Verified!

In order to create a playlist on Sporcle, you need to verify the email address you used during registration. Go to your Sporcle Settings to finish the process.

Report this User

Report this user for behavior that violates our Community Guidelines.

Details: